<?xml version="1.0" encoding="UTF-8"?><?xml-stylesheet type="text/xsl" href="static/style.xsl"?><OAI-PMH xmlns="http://www.openarchives.org/OAI/2.0/" xmlns:xsi="http://www.w3.org/2001/XMLSchema-instance" xsi:schemaLocation="http://www.openarchives.org/OAI/2.0/ http://www.openarchives.org/OAI/2.0/OAI-PMH.xsd"><responseDate>2026-04-27T13:51:59Z</responseDate><request verb="GetRecord" identifier="oai:uvadoc.uva.es:10324/9737" metadataPrefix="marc">https://uvadoc.uva.es/oai/request</request><GetRecord><record><header><identifier>oai:uvadoc.uva.es:10324/9737</identifier><datestamp>2021-06-30T08:22:36Z</datestamp><setSpec>com_10324_7407</setSpec><setSpec>com_10324_5186</setSpec><setSpec>com_10324_29291</setSpec><setSpec>col_10324_7435</setSpec></header><metadata><record xmlns="http://www.loc.gov/MARC21/slim" xmlns:doc="http://www.lyncode.com/xoai" xmlns:xsi="http://www.w3.org/2001/XMLSchema-instance" xmlns:dcterms="http://purl.org/dc/terms/" xsi:schemaLocation="http://www.loc.gov/MARC21/slim http://www.loc.gov/standards/marcxml/schema/MARC21slim.xsd">
<leader>00925njm 22002777a 4500</leader>
<datafield tag="042" ind1=" " ind2=" ">
<subfield code="a">dc</subfield>
</datafield>
<datafield tag="720" ind1=" " ind2=" ">
<subfield code="a">Alberro, Manuel</subfield>
<subfield code="e">author</subfield>
</datafield>
<datafield tag="260" ind1=" " ind2=" ">
<subfield code="c">2005</subfield>
</datafield>
<datafield tag="520" ind1=" " ind2=" ">
<subfield code="a">Iconographic evidence, and the writings of the classics, show the practice of single combat among the Celtiberians. In an attempt to contribute to a better understanding of the Celts of the Iberian Peninsula, a description of this procedure as performed by the old Indo-European peoples, especially the Celts, is presented in this work.</subfield>
</datafield>
<datafield tag="520" ind1=" " ind2=" ">
<subfield code="a">Entre los celtíberos, el combate individual con objeto de dirimir contiendas bélicas ha sido descrito por los clásicos, y está documentado por representaciones iconográficas. Se estudian aquí estas prácticas bélicas entre los pueblos indo-europeos, especialmente los célticos, en un intento de poder contribuir a un mejor conocimiento de este tema en las sociedades celtibéricas.</subfield>
</datafield>
<datafield tag="024" ind2=" " ind1="8">
<subfield code="a">Hispania antiqua, 2005, N.29, pags.237-255</subfield>
</datafield>
<datafield tag="024" ind2=" " ind1="8">
<subfield code="a">1130-0515</subfield>
</datafield>
<datafield tag="024" ind2=" " ind1="8">
<subfield code="a">http://uvadoc.uva.es/handle/10324/9737</subfield>
</datafield>
<datafield tag="024" ind2=" " ind1="8">
<subfield code="a">237</subfield>
</datafield>
<datafield tag="024" ind2=" " ind1="8">
<subfield code="a">29</subfield>
</datafield>
<datafield tag="024" ind2=" " ind1="8">
<subfield code="a">255</subfield>
</datafield>
<datafield tag="024" ind2=" " ind1="8">
<subfield code="a">Hispania antiqua</subfield>
</datafield>
<datafield ind1=" " ind2=" " tag="653">
<subfield code="a">España-Historia</subfield>
</datafield>
<datafield ind1=" " ind2=" " tag="653">
<subfield code="a">Historia Antigua</subfield>
</datafield>
<datafield tag="245" ind1="0" ind2="0">
<subfield code="a">El combate individual en los celtíberos y los pueblos celtas de la Antigua Irlanda</subfield>
</datafield>
</record></metadata></record></GetRecord></OAI-PMH>